00751 2200265 4500001002100000005001700021008004100038020001800079035002400097040001200121090002100133100001800154245010800172250001100280260003900291300002400330650001800354700002100372700002000393850001200413990001500425990001500440990001500455990001500470YOGYA-0209000003669820090227025147.0 ind  a979-98385-3-7 0010-020900000036698 aYOPDYOG a181.19822bHar F aHARIWIJAYA, M aFilsafat Jawabajaran luhur warisan leluhurcM. Hariwijaya ; editor, Bisri M. Djaelani, Danuri Soesetro acet. 2 aYogyakartabGelombang Pasangc2006 axii, 142 hlmc19 cm aFilsafat Jawa ajaelani, Bisri M aSusetro, Danuri aYOPDYOG a06P0000965 a06P0000966 a06P0000967 a06P0000968